LEADER 01164nam a2200265 i 4500 001 000000132682 003 CaOOAMICUS 005 20070417000000.0 008 070417s1995 it u000 u ita u 013 $a105675 020 $a88-215-3046-9 040 $aSeMil$bita 100 1 $aFasoli, Giuseppe.$0(OLS)http://semarc/name/54597 245 10$aSanta Teresa di Gesł Bambino :$bla grande innamorata /$cGiuseppe Fasoli. 260 $aCinisello Balsamo :$bSan Paolo,$ccopyr. 1995. 300 $a140 p., [4] p. di tav. ;$c20 cm. 490 0 $aSanti e Sante di Dio ;$v22 650 4$aTeresa : del Bambino Gesł - Spiritualitą.$0(OLS)http://semarc/subject/6123 830 0$aSanti e sante di Dio ;$v22.$0(OLS)http://semarc/title/17351 850 $aSeMil 852 $aSeMil$W1$xVenegono$y1$m3H II 112$j86584$B86584$CSeMilBibl$Z2$F122901 $81 961 $aLascito: Maggi mons. Francesco 996 $6020$a88-215-3046-9$9(OLS)http://semarc/number/119770 996 $6245$aSanta Teresa di Gesł Bambino :$bla grande innamorata$9(OLS)http://semarc/title/194859 996 $6260$aCinisello Balsamo :$bSan Paolo$9(OLS)http://semarc/publisher/30129 LEADER 01214nam a2200253 i 4500 001 000000035558 003 CaOOAMICUS 005 20141125000000.0 008 141125s1954 it u000 u ita u 013 $a4000 040 $aSeMil$bita 100 1 $aDelens, Albert H.R.$0(OLS)http://semarc/name/16601 240 10$aPrinciples of Market.$0(OLS)http://semarc/title/48765 245 12$aL'analisi del mercato :$bmetodi e tecniche di ricerca di mercato /$cAlbert H. R. Delens British Institute of Management ; Traduzione del dottor Giuseppe Ratti redattore-capo responsabile di «Produttivitą». 260 $aTorino :$bEdizioni scientifiche Einaudi,$ccopyr. 1954. 300 $aXV, 247 p. ;$c22 cm. 500 $aContiene : Bibliografia. 650 4$aRicerche di mercato.$0(OLS)http://semarc/subject/6530 700 1 $aRatti, Giuseppe.$0(OLS)http://semarc/name/16602 850 $aSeMil 852 $aSeMil$W1$xVenegono$y1$m3M V 139$j1713$B1713$CSeMilBibl$Z2$F1713 $81 961 $aOmaggio: Donazione 996 $6245$aL'analisi del mercato :$bmetodi e tecniche di ricerca di mercato$9(OLS)http://semarc/title/48764 996 $6260$aTorino :$bEdizioni scientifiche Einaudi$9(OLS)http://semarc/publisher/33768